| 000 | 00000nam 2200000zi 4500 |
| 001 | 9.943202 |
| 003 | CaOODSP |
| 005 | 20250306085954 |
| 006 | m o d f |
| 007 | cr mn||||||||| |
| 008 | 240913s2024 quc o f000 0 fre d |
| 020 | |a9780660736235 |
| 040 | |aCaOODSP|bfre|erda|cCaOODSP |
| 043 | |an-cn--- |
| 086 | 1 |aEm12-120/2024F-PDF |
| 245 | 00|aDocument de discussion : |bfeuille de route du Canada accessible / |cDirection du Canada accessible. |
| 264 | 1|a[Gatineau, Québec] : |bEmploi et deĢveloppement social Canada = Employment and Social Development Canada, |c2024. |
| 300 | |a1 ressource en ligne (17 pages) |
| 336 | |atexte|btxt|2rdacontent/fre |
| 337 | |ainformatique|bc|2rdamedia/fre |
| 338 | |aressource en ligne|bcr|2rdacarrier/fre |
| 500 | |aPublié aussi en anglais sous le titre : Discussion paper: Accessible Canada roadmap. |
| 500 | |a« Pour l’engagement en ligne. » |
| 520 | |a« La Feuille de route provisoire présentée dans ce document propose des thèmes généraux, des champs d’intervention et des objectifs quinquennaux qui s’y rattachent. EDSC souhaite également que les intervenants et les partenaires lui fassent part de leurs conseils sur la manière de promouvoir la sensibilisation à la Feuille de route. Toute personne impliquée dans l'élimination des obstacles au Canada devrait la connaître, y avoir accès et l'appliquer à son travail » -- Page 2. |
| 530 | |aPublié aussi en version MP4. |
| 650 | 6|aAccessibilité aux personnes handicapées|zCanada|xPlanification. |
| 650 | 6|aAccessibilité aux personnes handicapées|xPolitique gouvernementale|zCanada. |
| 710 | 1 |aCanada. |bEmploi et développement social Canada, |eorganisme de publication. |
| 775 | 08|tDiscussion paper : |w(CaOODSP)9.943200 |
| 776 | 0#|tFeuille de route du Canada accessible.|w(CaOODSP)9.934132 |
| 856 | 40|qPDF|s865 Ko|uhttps://publications.gc.ca/collections/collection_2025/edsc-esdc/Em12-120-2024-fra.pdf |
| 856 | 4 |qHTML|sS.O.|uhttps://www.canada.ca/fr/emploi-developpement-social/programmes/canada-accessible/consultation-cadre-action-national-accessibilite/discussion.html |